Statistics for Record transfers: SL Benfica

Click here to take the quiz!

General Stats

  • This quiz has been taken 39 times
    (19 since last reset)
  • The average score is 12 of 20

Answer Stats

#FeeSeasonPositionLeftPlayer% Correct
220 Mill. €19/20Defensive MidfieldBorussia DortmundJulian Weigl
80%
616 Mill. €16/17Right WingerSC BragaRafa Silva
80%
122 Mill. €15/16Centre-ForwardClub Atlético de MadridRaúl Jiménez
73%
517 Mill. €19/20Centre-ForwardSSC NapoliCarlos Vinícius
73%
178,4 Mill. €10/11Left WingerBoca JuniorsNicolás Gaitán
67%
420 Mill. €20/21Right WingerCorinthiansPedrinho
67%
168,5 Mill. €10/11GoalkeeperClub Atlético de MadridRoberto
60%
158,6 Mill. €13/14GoalkeeperReal ZaragozaRoberto
60%
149 Mill. €11/12Defensive MidfieldStandard LiègeAxel Witsel
60%
1310 Mill. €14/15Defensive MidfieldOlympiacos FCAndreas Samaris
53%
1111 Mill. €12/13Right WingerClub Atlético de MadridEduardo Salvio
53%
912 Mill. €12/13Left WingerFC TwenteOla John
53%
812,91 Mill. €01/02Left WingerFC BarcelonaSimão
53%
320 Mill. €19/20Centre-ForwardReal Madrid CFRaúl de Tomás
53%
208 Mill. €07/08Right WingerRosario CentralÁngel Di María
53%
1210 Mill. €13/14Right WingerFK PartizanLazar Marković
47%
1011,67 Mill. €07/08Centre-ForwardNewell's Old BoysÓscar Cardozo
47%
714 Mill. €13/14Central MidfieldClub Atlético de MadridPizzi
47%
188 Mill. €18/19Central MidfieldCD LeganésGabriel
40%
198 Mill. €13/14Attacking Midfieldsc HeerenveenFilip Đuričić
33%

Score Distribution

Percentile by Number Answered

Percent of People with Each Score

Your Score History

You have not taken this quiz since the last reset